| 000 | 00433cam a2200169ua 4500 | ||
|---|---|---|---|
| 020 | _c1,25 | ||
| 041 |
_amal _h |
||
| 082 |
_a894.812301 _bSRE/KO |
||
| 100 | _aSreenivasan, Kanimangalam . | ||
| 245 |
_aKootu ninnu Kili parannu / _cKanimangalam Sreenivasan. _hTextual Documents |
||
| 260 |
_a : _bKanimangalam Sreenivasan , _c1960. |
||
| 300 | _a94 ; . | ||
| 365 | _a1,25 | ||
| 504 | _a | ||
| 942 | _cBK | ||
| 999 |
_c854 _d854 |
||